=LDR 00000nam 2200000 4500 =001 INLIS00000000000098 =005 20260702043538 =020 ##$$a 978-623-7778-82-0 =082 ##$$a 006.584 =100 1#$$a Sabrina, Claudia =245 1 $$a Seni Menyembuhkan Sakit Hati /$c Claudia Sabrina =300 ##$$a 126 ; 13.5 X 20